مكتبة جامعة عجلون الوطنية

فهرس بحث المكتبة

Normal view MARC view
  • العقود الإلكترونية -- قوانين وتشريعات -- مصر-- العقود الإلكترونية -- قوانين وتشريعات -- فرنسا -- العقود (قانون مدني) -- فرنسا -- العقود (قانون مدني) -- مصر

Entry Topical Term

Number of records used in: 1

001 - CONTROL NUMBER

  • control field: 46487

003 - CONTROL NUMBER IDENTIFIER

  • control field: JO-AjAnu

005 - DATE AND TIME OF LATEST TRANSACTION

  • control field: 20230606081701.0

008 - FIXED-LENGTH DATA ELEMENTS

  • fixed length control field: 230606|| aca||aabn | a|a d

040 ## - CATALOGING SOURCE

  • Original cataloging agency: JO-AjAnu
  • Transcribing agency: JO-AjAnu

150 ## - HEADING--TOPICAL TERM

  • Topical term or geographic name entry element: العقود الإلكترونية -- قوانين وتشريعات -- مصر-- العقود الإلكترونية -- قوانين وتشريعات -- فرنسا -- العقود (قانون مدني) -- فرنسا -- العقود (قانون مدني) -- مصر

670 ## - SOURCE DATA FOUND

  • Source citation: Work cat.: (JO-AjAnu)23795: لطفي ، محمد حسام محمود, author 46486, استخدام وسائل الاتصال الحديثة في التفاوض على العقود وإبرامها : دراسة في قانوني الإثبات المصري والفرنسي